Súťažná a regulačná politika v SR
Saved in:
| Main Author: | |
|---|---|
| Format: | Book Chapter |
| Language: | Slovak |
| Tags: |
No Tags, Be the first to tag this record!
|
MARC
| LEADER | 00000naa$a2200000$$$4500 | ||
|---|---|---|---|
| 001 | 0062349 | ||
| 005 | 20240502083150.5 | ||
| 041 | 0 | |a slo | |
| 044 | |a CZ | ||
| 245 | 1 | 0 | |a Súťažná a regulačná politika v SR |c Mária Tokárová |
| 100 | 1 | |a Tokárová, Mária | |